| 000 | 00651nam a2200205 a 4500 | ||
|---|---|---|---|
| 005 | 20241206063732.0 | ||
| 008 | 031014s1975 mx r 000 0 spa d | ||
| 020 | _a9233011771 | ||
| 035 | _aUPN01000130094 | ||
| 049 | _aCG | ||
| 050 | 4 |
_aZ678.85 _bW5.5 |
|
| 100 | 1 | _aWithers, F. N. | |
| 245 | 1 | 0 |
_aNormas para los servicios bibliotecarios : _bestudio internacional / _cpor F. N. Withers. |
| 260 |
_aParÃs : _bUNESCO, _c1975. |
||
| 300 | _a460 p. | ||
| 440 | 0 |
_aDocumentación, bibliotecas y archivos. _pEstudios e investigaciones ; _v6 |
|
| 650 | 2 |
_aServicios bibliotecarios _94811 |
|
| 650 | 4 |
_aBIBLIOTECAS - _vENCUESTAS _92873 |
|
| 905 | _aLibro | ||
| 999 |
_c102251 _d102251 |
||